Catálogo
 En Linea

Recopilación de leyes de los reinos de las indias mandada imprimir y publicar por la Magestad católica del rey don Carlos II. nuestro señor, va dividida en cuatro tomos, con el índice general, y al principio de cada tomo el especial de los títulos que contiene. (Registro nro. 34066)

Detalles MARC
000 -CABECERA
campo de control de longitud fija 00852nam a2200193 a 4500
001 - NÚMERO DE CONTROL
campo de control 000034575
005 - FECHA Y HORA DE LA ÚLTIMA TRANSACCIÓN
campo de control 20200930073757.0
008 - DATOS DE LONGITUD FIJA--INFORMACIÓN GENERAL
campo de control de longitud fija 111010s1841 sp 000 0 spa d
040 ## - FUENTE DE LA CATALOGACIÓN
Centro catalogador/agencia de origen DO-SdBNP
Lengua de catalogación spa
Centro/agencia transcriptor BNPHU
082 ## - NÚMERO DE LA CLASIFICACIÓN DECIMAL DEWEY
Número de clasificación xxxx
Número de documento/Ítem E77r
049 ## - FONDOS LOCALES (OCLC)
Fondos de biblioteca BNGR
110 1# - ENTRADA PRINCIPAL--NOMBRE DE ENTIDAD CORPORATIVA
Nombre de entidad corporativa o nombre de jurisdicción como elemento de entrada España.
9 (RLIN) 4524
240 10 - TÍTULO UNIFORME
Título uniforme [Leyes etc.]
245 10 - MENCIÓN DE TÍTULO
Título Recopilación de leyes de los reinos de las indias mandada imprimir y publicar por la Magestad católica del rey don Carlos II. nuestro señor, va dividida en cuatro tomos, con el índice general, y al principio de cada tomo el especial de los títulos que contiene.
250 ## - MENCIÓN DE EDICIÓN
Mención de edición 5a ed.
Resto de la mención de edición Con aprobacion de la regencia provisional del reino. Corregida y aprobada por la Sala de Indias del Tribunal Supremo de Justica.
260 ## - PUBLICACIÓN, DISTRIBUCIÓN, ETC.
Lugar de publicación, distribución, etc. Madrid :
Nombre del editor, distribuidor, etc. Boix,
Fecha de publicación, distribución, etc. 1841.
300 ## - DESCRIPCIÓN FÍSICA
Extensión v. ;
Dimensiones 31 cm.
500 ## - NOTA GENERAL
Nota general La biblioteca posee el v. 3
Existencias
Estado de retiro Estado de pérdida Restricciones de uso No para préstamo Código de colección Localización permanente Ubicación/localización actual Ubicación en estantería Fecha de adquisición Número de inventario Total de préstamos Signatura topográfica completa Código de barras Fecha visto por última vez Precio válido a partir de Tipo de ítem Koha Nota pública
      Excluido de préstamo Monografías: Libros y Folletos General General En catalogación 10.10.2011 LF1   v. 3 34575-10 25.06.2020 25.06.2020 No se presta Perteneció a la biblioteca personal de Julio Ortega Frier

Con tecnología Koha